| 000 | 005410000a22001450004500 | ||
|---|---|---|---|
| 090 |
_aAS _bSeriadas |
||
| 245 | 1 | 0 | _aEvaluación del estado de conservación de Wigginsia vorwerkiana (<Wenderman>) D. M. poster (<Cactaceae>) en las zonas semiáridas de la Sabana de Bogotá |
| 041 | 0 | _aEspañol | |
| 500 | _a<Becas especiales focales> | ||
| 700 | 1 |
_aOlmos Soler, Juan Ricardo _921547 |
|
| 700 | 1 |
_aRivera Ospina, David _92059 |
|
| 100 | 1 |
_aReyes García, Otto _999526 |
|
| 942 | _cARTICULO | ||
| 773 | 1 |
_tPerez Arbelaezia _3317 _h12 _q66-73 _d2001 _g5 |
|
| 999 |
_c15136 _d15136 |
||